Nationalité des marques de voitures - Statistiques

Statistiques générales
  • Ce quiz a été pris 726 fois
  • Le résultat moyen est 6 sur 12
Statistiques - réponses
Marque Nationalité % Correct
Bugatti Française
95%
Nissan Japonaise
87%
Koenigsegg Suédoise
60%
Kia Coréenne
57%
Nio Chinoise
56%
Saleen Américaine
52%
Peel Anglaise
45%
GTA motor Espagnol
44%
Lada Russe
44%
Abarth Italienne
41%
Bmw Allmande
15%
W motor Émirat arabes unis
4%
Aucun quiz correspondant
Distribution des résultats
% des personnes avec chaque résultat
Percentile par nombre de réponses
Votre historique - résultats
Vous n’avez pas pris ce quiz